A walk to remember (Record no. 28075)
[ view plain ]
| 000 -LEADER | |
|---|---|
| fixed length control field | 03473cgm a2200745 a 4500 |
| 001 - CONTROL NUMBER | |
| control field | 49622914 |
| 003 - CONTROL NUMBER IDENTIFIER | |
| control field | OCoLC |
| 005 - DATE AND TIME OF LATEST TRANSACTION | |
| control field | 20241220113143.0 |
| 007 - PHYSICAL DESCRIPTION FIXED FIELD--GENERAL INFORMATION | |
| fixed length control field | vd cgaizs |
| 008 - FIXED-LENGTH DATA ELEMENTS--GENERAL INFORMATION | |
| fixed length control field | 020419s2002 cau102 g vleng d |
| 020 ## - INTERNATIONAL STANDARD BOOK NUMBER | |
| International Standard Book Number | 0790767597 |
| 024 10 - OTHER STANDARD IDENTIFIER | |
| Standard number or code | 085392242023 |
| 024 10 - OTHER STANDARD IDENTIFIER | |
| Standard number or code | 085391163299 |
| 028 42 - PUBLISHER NUMBER | |
| Publisher number | 22420 |
| Source | Warner Home Video |
| 035 ## - SYSTEM CONTROL NUMBER | |
| System control number | (Sirsi) i9780790767598 |
| 040 ## - CATALOGING SOURCE | |
| Original cataloging agency | TEF |
| Transcribing agency | TEF |
| Modifying agency | JED |
| -- | GZD |
| Description conventions | rda |
| 041 1# - LANGUAGE CODE | |
| Language code of text/sound track or separate title | engfre |
| Language code of original and/or intermediate translations of text | eng |
| Language code of summary or abstract/overprinted title or subtitle | spa |
| Language code of original and/or intermediate translations of text | eng |
| Language code of accompanying material other than librettos | eng |
| 049 ## - LOCAL HOLDINGS (OCLC) | |
| Holding library | GZDA |
| Local processing data | jp* |
| 082 ## - DEWEY DECIMAL CLASSIFICATION NUMBER | |
| Classification number | 791.437 WALK |
| 092 ## - LOCALLY ASSIGNED DEWEY CALL NUMBER (OCLC) | |
| Classification number | 791.437 WALK |
| 245 02 - TITLE STATEMENT | |
| Title | A walk to remember |
| Medium | [videorecording] / |
| Statement of responsibility, etc | Warner Bros. Pictures presents in association with Pandora, a Di Novi Pictures production ; producers, Denise Di Novi, Hunt Lowry ; screenplay writer, Karen Janszen ; director, Adam Shankman. |
| 250 ## - EDITION STATEMENT | |
| Edition statement | Widescreen version (16x9 ArriScope 2.35:1). |
| 260 ## - PUBLICATION, DISTRIBUTION, ETC. (IMPRINT) | |
| Place of publication, distribution, etc | Burbank, CA : |
| Name of publisher, distributor, etc | Warner Home Video, |
| Date of publication, distribution, etc | c2002. |
| 264 ## - Production, Publication, Distribution, Manufacture, and Copyright Notice. | |
| Place of production, publication, distribution, manufacture | Burbank, CA : |
| Name of producer, publisher, distributor, manufacturer | Warner Home Video, |
| Date of production, publication, distribution, manufacture, or copyr | c2002. |
| 300 ## - PHYSICAL DESCRIPTION | |
| Extent | 1 videodisc (102 min.) : |
| Other physical details | sd., col. ; |
| Dimensions | 4 3/4 in. |
| 500 ## - GENERAL NOTE | |
| General note | Based on the novel by Nicholas Sparks. |
| 500 ## - GENERAL NOTE | |
| General note | Special features: 2 feature-length audio commentaries: one by Shane West, Mandy Moore and director Adam Shankman, the other by novelist Nicholas Sparks and screenwriter Karen Janszen ; Mandy Moore "Cry" music video ; Interactive menus ; Theatrical trailer ; Cast film highlights ; Scene access ; Languages: English & Francais (dubbed in Quebec) ; Subtitles: English, Francais & Espanol. |
| 508 ## - CREATION/PRODUCTION CREDITS NOTE | |
| Creation/production credits note | Director of photography, Julio Macat ; editor, Emma E. Hickox ; music, Mervyn Warren ; costume designer, Doug Hall ; production designer, Doug Hall. |
| 511 1# - PARTICIPANT OR PERFORMER NOTE | |
| Participant or performer note | Shane West, Mandy Moore, Peter Coyote, Daryl Hannah, Paz de la Huerta, Al Thompson. |
| 520 ## - SUMMARY, ETC. | |
| Summary, etc | Love brings together what peer pressure and lifestyles seek to keep apart. Jamie is a straight-laced preacher's daughter and Landon is an unmotivated delinquent. When events thrust him into her world, he begins an unexpected journey he'll never forget. |
| 521 8# - TARGET AUDIENCE NOTE | |
| Target audience note | MPAA rating: PG ; Canadian rating: PG/DP. |
| 538 ## - SYSTEM DETAILS NOTE | |
| System details note | DVD, 5.1 Dolby digital. |
| 546 ## - LANGUAGE NOTE | |
| Language note | English or French dialogue, English, French or Spanish subtitles. |
| 546 ## - LANGUAGE NOTE | |
| Language note | Closed-captioned. |
| 650 #0 - SUBJECT ADDED ENTRY--TOPICAL TERM | |
| Topical term or geographic name as entry element | Children of clergy |
| Form subdivision | Drama. |
| 9 (RLIN) | 5795068 |
| 650 #0 - SUBJECT ADDED ENTRY--TOPICAL TERM | |
| Topical term or geographic name as entry element | Teenage boys |
| Form subdivision | Drama. |
| 9 (RLIN) | 5729102 |
| 650 #0 - SUBJECT ADDED ENTRY--TOPICAL TERM | |
| Topical term or geographic name as entry element | DVDs for the hearing impaired. |
| 9 (RLIN) | 5714822 |
| 651 #0 - SUBJECT ADDED ENTRY--GEOGRAPHIC NAME | |
| Geographic name | Beaufort (N.C.) |
| Form subdivision | Drama. |
| 9 (RLIN) | 6423540 |
| 655 #0 - INDEX TERM--GENRE/FORM | |
| Genre/form data or focus term | Feature films. |
| 9 (RLIN) | 6128256 |
| 655 #7 - INDEX TERM--GENRE/FORM | |
| Genre/form data or focus term | Teen drama. |
| Source of term | local |
| 9 (RLIN) | 6105329 |
| 700 1# - ADDED ENTRY--PERSONAL NAME | |
| Personal name | Di Novi, Denise. |
| 9 (RLIN) | 62103 |
| 700 1# - ADDED ENTRY--PERSONAL NAME | |
| Personal name | Lowry, Hunt. |
| 9 (RLIN) | 76085 |
| 700 1# - ADDED ENTRY--PERSONAL NAME | |
| Personal name | Janszen, Karen. |
| 9 (RLIN) | 55221 |
| 700 1# - ADDED ENTRY--PERSONAL NAME | |
| Personal name | Shankman, Adam. |
| 9 (RLIN) | 67096 |
| 700 1# - ADDED ENTRY--PERSONAL NAME | |
| Personal name | West, Shane. |
| 9 (RLIN) | 68060 |
| 700 1# - ADDED ENTRY--PERSONAL NAME | |
| Personal name | Moore, Mandy, |
| Dates associated with a name | 1984- |
| 9 (RLIN) | 66528 |
| 700 1# - ADDED ENTRY--PERSONAL NAME | |
| Personal name | Coyote, Peter. |
| 9 (RLIN) | 60371 |
| 700 1# - ADDED ENTRY--PERSONAL NAME | |
| Personal name | Hannah, Daryl. |
| 9 (RLIN) | 25935 |
| 700 1# - ADDED ENTRY--PERSONAL NAME | |
| Personal name | De la Huerta, Paz, |
| Dates associated with a name | 1984- |
| 9 (RLIN) | 73010 |
| 700 1# - ADDED ENTRY--PERSONAL NAME | |
| Personal name | Thompson, Al. |
| 9 (RLIN) | 5795073 |
| 700 1# - ADDED ENTRY--PERSONAL NAME | |
| Personal name | Macat, Julio. |
| 9 (RLIN) | 72516 |
| 700 1# - ADDED ENTRY--PERSONAL NAME | |
| Personal name | Hickox, Emma E., |
| Dates associated with a name | 1964- |
| 9 (RLIN) | 73011 |
| 700 1# - ADDED ENTRY--PERSONAL NAME | |
| Personal name | Warren, Mervyn. |
| 9 (RLIN) | 67719 |
| 700 1# - ADDED ENTRY--PERSONAL NAME | |
| Personal name | Hall, Doug. |
| 9 (RLIN) | 56162 |
| 700 1# - ADDED ENTRY--PERSONAL NAME | |
| Personal name | Sparks, Nicholas. |
| Title of a work | Walk to remember. |
| 9 (RLIN) | 6128258 |
| 710 2# - ADDED ENTRY--CORPORATE NAME | |
| Corporate name or jurisdiction name as entry element | Warner Bros. Pictures. |
| 9 (RLIN) | 5766092 |
| 710 2# - ADDED ENTRY--CORPORATE NAME | |
| Corporate name or jurisdiction name as entry element | Pandora Cinema. |
| 9 (RLIN) | 65576 |
| 710 2# - ADDED ENTRY--CORPORATE NAME | |
| Corporate name or jurisdiction name as entry element | Di Novi Pictures (Firm) |
| 9 (RLIN) | 72327 |
| 710 2# - ADDED ENTRY--CORPORATE NAME | |
| Corporate name or jurisdiction name as entry element | Warner Home Video (Firm) |
| 9 (RLIN) | 61103 |
| 730 0# - ADDED ENTRY--UNIFORM TITLE | |
| Uniform title | Walk to remember (Motion picture) |
| 9 (RLIN) | 67631 |
| 942 ## - ADDED ENTRY ELEMENTS (KOHA) | |
| Koha item type | DVD |
| Source of classification or shelving scheme | Dewey Decimal Classification |
| Withdrawn status | Lost status | Source of classification or shelving scheme | Damaged status | Not for loan | Collection code | Home library | Current library | Shelving location | Date acquired | Source of acquisition | Total Checkouts | Total Renewals | Full call number | Barcode | Date last seen | Date checked out | Cost, replacement price | Price effective from | Koha item type |
|---|---|---|---|---|---|---|---|---|---|---|---|---|---|---|---|---|---|---|---|
| Dewey Decimal Classification | Movies | Wasatch County Library | Wasatch County Library | Audio Visual Area | 08/05/2021 | Donation | 5 | 8 | DVD Wal | 34301001880048 | 08/21/2024 | 08/19/2024 | 8.99 | 08/05/2021 | DVD |
